000 01361nam a2200361 a 4500
008 110907s1983 sp # f |||| 001 0 spa d
020 _a8485860055
041 _aspa
092 _c150.195
_l12
_sCLA
100 1 _aClavreul, Jean
_91524
245 3 _aEl orden médico /
_cJean Clavreul
250 _a1a ed.
_bTraducción Marta Vassallo
260 _aBarcelona:
_bArgot;
_c1983.
300 _a320 p.
500 _aClavreul, J. (1983). El orden médico. (1a ed.). Barcelona : Argot.
653 _aOrden médico
653 _aMedicina. Ciencias positicas. Ciencias humanas
653 _aOrigenes de la medicina. Mitologías del positivismo
653 _aMedicina como discurso. Poder e impotencia del discurso
653 _aDiscurso del Maestro de Cos
653 _aExclusión del deseo
653 _aObjeto de la medicina define el deseo del médico
653 _aEnfermedad como objeto de la medicina
653 _aSer sufriente a la espera. El enfermo
653 _aDiscurso médico y discurso psicoanalítico
653 _aClínica médica y clínica psicoanalítica
653 _aSemiología clínica y semiótica
653 _aEfectos del discurso médico: una ética en cuestión
653 _aIdeología a deontología
653 _aOrden científico y orden jurídico
653 _aClínica psicoanalítica
942 _2ddc
_cBK
999 _c932
_d932